| 000 | 00774nam a2200253 a 4500 | ||
|---|---|---|---|
| 001 | 21753 | ||
| 003 | BD-RjUL | ||
| 005 | 20211209000726.0 | ||
| 008 | 140305s1976 ii a b 001 0 eng d | ||
| 035 | _a(BD-RjUL)21818 | ||
| 040 |
_aDLC _cDLC _dBD-RjUL _beng |
||
| 041 | _aeng | ||
| 082 | 0 | 0 |
_a746.754 _bCHC 1976 |
| 100 | 1 |
_aChattopadhyaya, Kamaladevi, _d1903-1988 _959877 |
|
| 245 | 1 | 0 |
_aCarpets and floor coverings of India / _cKamaladevi Chattopadhyaya. |
| 250 | _a2nd rev. ed. | ||
| 260 |
_aBombay : _bTaraporevala, _c1976. |
||
| 300 |
_aviii, 71 p. : _billus. (part col.) ; _c29 cm. |
||
| 504 | _aIncludes bibliographical references and index. | ||
| 650 | 0 |
_aRugs _zIndia. _959878 |
|
| 650 | 0 |
_aCarpets _zIndia. _959879 |
|
| 942 |
_2ddc _cBK |
||
| 999 |
_c21753 _d21753 |
||